Normale Ansicht MARC-Ansicht ISBD

Die Fußgängerbrücke über die Bahnlinie verschwindet. (Titelsatznr. 100268)

[ MARC ]
MARC-Details
000 -Satzkennung
Kontrollfeld mit fester Länge 00741nam a22001697a 4500
008 - Feld mit fester Länge zur physischen Beschreibung - Allgemeine Angaben
Kontrollfeld mit fester Länge 201130b ||||| |||| 00| 0 eng d
040 ## - Katalogisierungsquelle
Katalogisierungssprache ger
Übertragungsstelle DE-2950
Beschreibungsfestlegungen rda
Original-Katalogisierungsstelle DE-2950
041 ## - Sprachcode
Sprachcode des Textes/der Tonspur oder des separaten Titels ger
245 ## - Titel
Haupttitel Die Fußgängerbrücke über die Bahnlinie verschwindet.
Titelzusatz Die Fußgängerbrücke "Am alten Wasserturm" in Frankfurts Stadtteil Neuberesinchen ist marode und war seit 2019 gesperrt. Jetzt wird sie zurück gebaut.
Verantwortlichkeitsangabe Foto: Gerrit Freitag
653 ## - Lokales Schlagwort
Nicht-normierter Term Frankfurt (Oder)
653 ## - Lokales Schlagwort
Nicht-normierter Term Brückenbau
773 ## - Übergeordnete Einheit
Ort, Verlag und Erscheinungsjahr Frankfurt (Oder): Märkisches Verlags- und Druckhaus GmbH & Co KG
Verknüpfungsangaben 32. Jahrgang (2021) Nr. 106 vom 08./09.05.2021, S. 1
Titel Märkische Oderzeitung
942 ## - Zusätzliche Felder (Koha)
Koha-Medientyp Aufsätze
Exemplare
Ausgeschieden Verloren Beschädigt Nicht entleihbar Permanenter Standort Aktueller Standort Aufstellungsort Eingabedatum Anzahl Ausleihen Signatur Letzte Aktivität Preis gültig von Medientyp
        Stadtarchiv Frankfurt (Oder) | Archivbibliothek Stadtarchiv Frankfurt (Oder) | Archivbibliothek Magazin 26/05/2021   Z2 26/05/2021 26/05/2021 Aufsätze